000 02585nam a22003257a 4500
001 1731
003 FISKH
005 20231003160809.0
008 230921b cb ||||| |||| 00| 0 khr d
020 _a9789924340461
040 _aFISKH
_beng
_cFISKH
_dFISKH
082 _a509.031
100 _aTae-kwan, Kim
245 _a100 វិទ្យាសាស្រ្តអភិវត្តន៍ពិភពលោក /
_bពីការព្យាបាលដោយវេជ្ជសាស្រ្តសម័យថ្មី រហូតដល់មេកានិចកង់តូម :
_cនិពន្ធដោយ គីម ថែខ្វាន់ និង អ៊ីម ហ្យងវុក -​ គូររូបដោយ មុន ផ្សងយុន - បកប្រែពីភាសាថៃដោយ វ៉ា សុវណ្ណរដ្ដ
250 _aបោះពុម្ពលើកទី ២​ មិថុនា ២០២០
260 _aPhnom Penh :
_bSipar,
_c2020.
300 _a117 pages :
_bcolor illustrations ;
_c23 cm
490 _aខ្ញុំចង់ដឹង
_v5
505 _aZ'
520 _aនៅក្នុងផ្នែកទី 5 នៃសៀវភៅរឿងកំប្លែងនេះ មានឈុតឆាកចំនួន 19 ផ្សេងទៀតរួមមានៈ ទ្រឹស្តីរូបវិទ្យា និងគីមី។ របកគំហើញផ្នែកវេជ្ជសាស្រ្ត ការវិវត្តនៃប្លាស្ទិក ទ្រឹស្តីនៃការរសាត់តាមទ្វីប និងការបង្កើតឧបករណ៍ទំនើបផ្សេងទៀតពីឆ្នាំ 1878 ដល់ឆ្នាំ 1925 ។ វានឹងក្លាយជាចំណេះដឹងបន្ថែមសម្រាប់អ្នកអានអំពីការអភិវឌ្ឍន៍វិទ្យាសាស្ត្រតាមលំដាប់លំដោយ។
520 _aPart 5 of a comic book that highlights numerous scientific discoveries from 1875 until 1925.
521 8 _a1060
_bLexile estimate
521 8 _aZ'
_bRaz-Plus
650 _aវិទ្យាសាស្រ្ត
_vទ្រឹស្ដី
_xរូបវិទ្យា
_yការអភិវឌ្ឍ
650 _aScience
_vTheory
_xPhysical
_yDevelopment
700 _aHyeong-wook, Im
_eAuthor
700 _aSung-hun, Jung
_eillustrator
700 _aSovannrath, Va
_eTranslator
942 _2ddc
_cKHB
_n0
999 _c1731
_d1731